{"text_format":"3","workbook":"xlsx","n_sheets":1,"sheets":["t284"],"read":"whole","date_system":"1900"}

{"sheet":"t284","index":0,"n_rows":199,"n_cols":7,"rows_kept":199,"merged":[[0,0,0,6],[30,0,30,5],[48,0,48,5],[158,0,158,5]]}
["TABELA 284.1 - Estatísticas Agrícolas, Município de Jardinópolis, Estado de São Paulo, 2007/08."]
["ITEM","UNIDADE","N.DE UPAs","MÍNIMO","MÉDIO","MÁXIMO","TOTAL"]
["Distância à sede do município","km",503,0.3,{"v":9.46,"d":"9.5"},{"v":45,"d":"45.0"},"-"]
["Área total","hectare",503,0.6,95.1,{"v":1410.7,"d":"1,410.7"},{"v":47836.6,"d":"47,836.6"}]
["Área com cultura perene","hectare",176,0.1,{"v":4.23,"d":"4.2"},{"v":38,"d":"38.0"},743.8]
["Área com cultura temporária","hectare",404,0.1,{"v":89.67,"d":"89.7"},{"v":1136.1,"d":"1,136.1"},{"v":36226.9,"d":"36,226.9"}]
["Área com pastagem","hectare",219,0.1,{"v":16.05,"d":"16.1"},324.4,{"v":3514.5,"d":"3,514.5"}]
["Área com reflorestamento","hectare",18,0.3,{"v":3.29,"d":"3.3"},{"v":14,"d":"14.0"},59.2]
["Área com vegetação natural","hectare",288,0.1,{"v":16.04,"d":"16.0"},{"v":458,"d":"458.0"},{"v":4620.23,"d":"4,620.2"}]
["Área com vegetação de brejo e várzea","hectare",186,0.1,{"v":6.63,"d":"6.6"},120.3,{"v":1232.84,"d":"1,232.8"}]
["Área em descanso","hectare",19,0.3,{"v":14.11,"d":"14.1"},{"v":121,"d":"121.0"},268.1]
["Área complementar","hectare",468,0.1,2.5,{"v":56,"d":"56.0"},{"v":1171.03,"d":"1,171.0"}]
["Área das UPAs com (0, 1] ha","hectare",5,0.6,{"v":0.92,"d":"0.9"},{"v":1,"d":"1.0"},4.6]
["Área das UPAs com (1, 2] ha","hectare",12,1.2,{"v":1.61,"d":"1.6"},{"v":2,"d":"2.0"},19.3]
["Área das UPAs com (2, 5] ha","hectare",59,2.1,{"v":3.31,"d":"3.3"},4.8,{"v":195.22,"d":"195.2"}]
["Área das UPAs com (5, 10] ha","hectare",64,5.4,{"v":7.78,"d":"7.8"},{"v":10,"d":"10.0"},{"v":497.97,"d":"498.0"}]
["Área das UPAs com (10, 20] ha","hectare",86,10.1,{"v":14.73,"d":"14.7"},{"v":20,"d":"20.0"},{"v":1266.91,"d":"1,266.9"}]
["Área das UPAs com (20, 50] ha","hectare",116,20.5,{"v":31.23,"d":"31.2"},49.1,{"v":3622.4,"d":"3,622.4"}]
["Área das UPAs com (50, 100] ha","hectare",57,50.8,{"v":73.53,"d":"73.5"},{"v":100,"d":"100.0"},{"v":4191.44,"d":"4,191.4"}]
["Área das UPAs com (100, 200] ha","hectare",44,100.5,{"v":138.79,"d":"138.8"},{"v":200,"d":"200.0"},{"v":6106.8,"d":"6,106.8"}]
["Área das UPAs com (200, 500] ha","hectare",37,202.3,{"v":335.51,"d":"335.5"},{"v":499,"d":"499.0"},{"v":12413.8,"d":"12,413.8"}]
["Área das UPAs com (500, 1.000] ha","hectare",15,510.2,{"v":657.52,"d":"657.5"},928.6,{"v":9862.8,"d":"9,862.8"}]
["Área das UPAs com (1.000, 2.000] ha","hectare",8,{"v":1026.7,"d":"1,026.7"},{"v":1206.92,"d":"1,206.9"},{"v":1410.7,"d":"1,410.7"},{"v":9655.36,"d":"9,655.4"}]
["Área das UPAs com (2.000, 5.000] ha","hectare","-","-","-","-","-"]
["Área das UPAs com (5.000, 10.000] ha","hectare","-","-","-","-","-"]
["Área das UPAs acima de 10.000 ha","hectare","-","-","-","-","-"]
["Familiares do proprietário que trabalham na UPA","unidade",399,{"v":1,"d":"1.0"},{"v":1.44,"d":"1.4"},{"v":5,"d":"5.0"},{"v":574,"d":"574.0"}]
["Trabalhadores permanentes","unidade",325,{"v":1,"d":"1.0"},{"v":2.83,"d":"2.8"},{"v":144,"d":"144.0"},{"v":920,"d":"920.0"}]
["Fonte: Secretaria de Agricultura e Abastecimento, CDRS/IEA, Projeto LUPA."]
[]
["TABELA 284.2 - Explorações Animais, Município de Jardinópolis, Estado de São Paulo, 2007/08."]
["ITEM","UNIDADE","N.DE UPAs","MÍNIMO","MÉDIO","MÁXIMO","TOTAL"]
["Apicultura","colmeias",1,{"v":180,"d":"180.0"},{"v":180,"d":"180.0"},{"v":180,"d":"180.0"},{"v":180,"d":"180.0"}]
["Asininos E Muares","cabeças",19,{"v":1,"d":"1.0"},{"v":3.37,"d":"3.4"},{"v":20,"d":"20.0"},{"v":64,"d":"64.0"}]
["Avicultura de Corte","cabeças/ano",14,{"v":40,"d":"40.0"},{"v":80002.86,"d":"80,002.9"},{"v":480000,"d":"480,000.0"},{"v":1120040,"d":"1,120,040.0"}]
["Avicultura Ornamental/Decorativa/Exótica","cabeças",4,{"v":20,"d":"20.0"},57.5,{"v":130,"d":"130.0"},{"v":230,"d":"230.0"}]
["Avicultura para Ovos","cabeças",9,{"v":8,"d":"8.0"},{"v":8029.22,"d":"8,029.2"},{"v":45000,"d":"45,000.0"},{"v":72263,"d":"72,263.0"}]
["Bovinocultura de Corte","cabeças",27,{"v":4,"d":"4.0"},{"v":119.89,"d":"119.9"},{"v":654,"d":"654.0"},{"v":3237,"d":"3,237.0"}]
["Bovinocultura Leiteira","cabeças",44,{"v":1,"d":"1.0"},{"v":11.34,"d":"11.3"},{"v":60,"d":"60.0"},{"v":499,"d":"499.0"}]
["Bovinocultura Mista","cabeças",137,{"v":1,"d":"1.0"},{"v":26.91,"d":"26.9"},{"v":400,"d":"400.0"},{"v":3686,"d":"3,686.0"}]
["Caprinocultura","cabeças",2,{"v":3,"d":"3.0"},{"v":9,"d":"9.0"},{"v":15,"d":"15.0"},{"v":18,"d":"18.0"}]
["Codornicultura","cabeças",1,{"v":35000,"d":"35,000.0"},{"v":35000,"d":"35,000.0"},{"v":35000,"d":"35,000.0"},{"v":35000,"d":"35,000.0"}]
["Equinocultura","cabeças",115,{"v":1,"d":"1.0"},{"v":5.57,"d":"5.6"},{"v":140,"d":"140.0"},{"v":641,"d":"641.0"}]
["Ovinocultura","cabeças",41,{"v":3,"d":"3.0"},{"v":36.76,"d":"36.8"},{"v":240,"d":"240.0"},{"v":1507,"d":"1,507.0"}]
["Piscicultura","m² tanques",16,{"v":1,"d":"1.0"},{"v":8090.94,"d":"8,090.9"},{"v":80000,"d":"80,000.0"},{"v":129455,"d":"129,455.0"}]
["Suinocultura","cabeças",72,{"v":1,"d":"1.0"},{"v":23.07,"d":"23.1"},{"v":320,"d":"320.0"},{"v":1661,"d":"1,661.0"}]
["Fonte: Secretaria de Agricultura e Abastecimento, CDRS/IEA, Projeto LUPA."]
[]
["TABELA 284.3 -  Máquinas, Implementos e Benfeitorias, Município de Jardinópolis, Estado de São Paulo, 2007/08."]
["ITEM","UNIDADE","N.DE UPAs","MÍNIMO","MÉDIO","MÁXIMO","TOTAL"]
["Arado Comum (Bacia, Aiveca)","Unidade",88,{"v":1,"d":"1.0"},{"v":1.17,"d":"1.2"},{"v":4,"d":"4.0"},{"v":103,"d":"103.0"}]
["Arado Escarificador","Unidade",56,{"v":1,"d":"1.0"},{"v":1.27,"d":"1.3"},{"v":4,"d":"4.0"},{"v":71,"d":"71.0"}]
["Arado Subsolador","Unidade",38,{"v":1,"d":"1.0"},{"v":1.32,"d":"1.3"},{"v":5,"d":"5.0"},{"v":50,"d":"50.0"}]
["Batedeira de Cereais","Unidade",6,{"v":1,"d":"1.0"},{"v":1,"d":"1.0"},{"v":1,"d":"1.0"},{"v":6,"d":"6.0"}]
["Câmara Fria","Unidade",2,{"v":1,"d":"1.0"},2.5,{"v":4,"d":"4.0"},{"v":5,"d":"5.0"}]
["Carregadeira de Cana","Unidade",22,{"v":1,"d":"1.0"},{"v":2.27,"d":"2.3"},{"v":10,"d":"10.0"},{"v":50,"d":"50.0"}]
["Colhedeira Acoplada","Unidade",8,{"v":1,"d":"1.0"},{"v":1,"d":"1.0"},{"v":1,"d":"1.0"},{"v":8,"d":"8.0"}]
["Colhedeira Automotriz","Unidade",13,{"v":1,"d":"1.0"},{"v":1.31,"d":"1.3"},{"v":4,"d":"4.0"},{"v":17,"d":"17.0"}]
["Computador","Unidade",3,{"v":1,"d":"1.0"},{"v":1,"d":"1.0"},{"v":1,"d":"1.0"},{"v":3,"d":"3.0"}]
["Conj.Irrigação Autopropelido","Unidade",3,{"v":1,"d":"1.0"},{"v":1,"d":"1.0"},{"v":1,"d":"1.0"},{"v":3,"d":"3.0"}]
["Conj.Irrigação Convencional","Unidade",33,{"v":1,"d":"1.0"},{"v":1.12,"d":"1.1"},{"v":3,"d":"3.0"},{"v":37,"d":"37.0"}]
["Conj.Irrigação Pivot Central","Unidade",3,{"v":1,"d":"1.0"},{"v":1.67,"d":"1.7"},{"v":3,"d":"3.0"},{"v":5,"d":"5.0"}]
["Conj.Irrigação/Gotejamento/Microaspersão","Unidade",7,{"v":1,"d":"1.0"},{"v":1,"d":"1.0"},{"v":1,"d":"1.0"},{"v":7,"d":"7.0"}]
["Conjunto de Fenação","Unidade",3,{"v":1,"d":"1.0"},{"v":1.33,"d":"1.3"},{"v":2,"d":"2.0"},{"v":4,"d":"4.0"}]
["Desintegrador de Palha (Plantio Direto)","Unidade",2,{"v":1,"d":"1.0"},{"v":1,"d":"1.0"},{"v":1,"d":"1.0"},{"v":2,"d":"2.0"}]
["Desintegrador, Picador, Triturador","Unidade",205,{"v":1,"d":"1.0"},1.2,{"v":4,"d":"4.0"},{"v":247,"d":"247.0"}]
["Distribuidor de Calcário","Unidade",27,{"v":1,"d":"1.0"},{"v":1,"d":"1.0"},{"v":1,"d":"1.0"},{"v":27,"d":"27.0"}]
["Ensiladeira","Unidade",61,{"v":1,"d":"1.0"},{"v":1.18,"d":"1.2"},{"v":3,"d":"3.0"},{"v":72,"d":"72.0"}]
["Grade Aradora (Tipo Romi)","Unidade",46,{"v":1,"d":"1.0"},{"v":1.22,"d":"1.2"},{"v":5,"d":"5.0"},{"v":56,"d":"56.0"}]
["Grade Niveladora","Unidade",85,{"v":1,"d":"1.0"},{"v":1.13,"d":"1.1"},{"v":5,"d":"5.0"},{"v":96,"d":"96.0"}]
["Implementos para Tração Animal","Unidade",20,{"v":1,"d":"1.0"},1.7,{"v":3,"d":"3.0"},{"v":34,"d":"34.0"}]
["Microtrator","Unidade",8,{"v":1,"d":"1.0"},{"v":1.25,"d":"1.3"},{"v":3,"d":"3.0"},{"v":10,"d":"10.0"}]
["Misturador de Ração","Unidade",40,{"v":1,"d":"1.0"},1.1,{"v":4,"d":"4.0"},{"v":44,"d":"44.0"}]
["Ordenhadeira Mecânica","Unidade",21,{"v":1,"d":"1.0"},{"v":1.29,"d":"1.3"},{"v":4,"d":"4.0"},{"v":27,"d":"27.0"}]
["Pulverizador Tratorizado","Unidade",120,{"v":1,"d":"1.0"},{"v":1.33,"d":"1.3"},{"v":5,"d":"5.0"},{"v":159,"d":"159.0"}]
["Resfriador de Leite, Tanque Expansão","Unidade",24,{"v":1,"d":"1.0"},{"v":1.08,"d":"1.1"},{"v":2,"d":"2.0"},{"v":26,"d":"26.0"}]
["Semeadeira/Adubadeira para Plantio Convencional","Unidade",51,{"v":1,"d":"1.0"},{"v":1,"d":"1.0"},{"v":1,"d":"1.0"},{"v":51,"d":"51.0"}]
["Semeadeira/Plantadeira Plantio Direto","Unidade",22,{"v":1,"d":"1.0"},{"v":1.36,"d":"1.4"},{"v":5,"d":"5.0"},{"v":30,"d":"30.0"}]
["Terraceador","Unidade",26,{"v":1,"d":"1.0"},{"v":1.27,"d":"1.3"},{"v":5,"d":"5.0"},{"v":33,"d":"33.0"}]
["Trator de Esteiras","Unidade",9,{"v":1,"d":"1.0"},{"v":1.78,"d":"1.8"},{"v":5,"d":"5.0"},{"v":16,"d":"16.0"}]
["Trator de Pneus","Unidade",196,{"v":1,"d":"1.0"},{"v":2.13,"d":"2.1"},{"v":30,"d":"30.0"},{"v":418,"d":"418.0"}]
["Açude/Represa","Unidade",91,{"v":1,"d":"1.0"},{"v":1.68,"d":"1.7"},{"v":11,"d":"11.0"},{"v":153,"d":"153.0"}]
["Almoxarifado/Oficina","Unidade",83,{"v":1,"d":"1.0"},{"v":1.11,"d":"1.1"},{"v":3,"d":"3.0"},{"v":92,"d":"92.0"}]
["Armazém para Grãos Ensacados","Sacas",54,{"v":1,"d":"1.0"},{"v":2906.07,"d":"2,906.1"},{"v":30000,"d":"30,000.0"},{"v":156928,"d":"156,928.0"}]
["Balança para Bovinos","Unidade",13,{"v":1,"d":"1.0"},{"v":1,"d":"1.0"},{"v":1,"d":"1.0"},{"v":13,"d":"13.0"}]
["Balança para Veículos","Unidade",6,{"v":1,"d":"1.0"},{"v":1,"d":"1.0"},{"v":1,"d":"1.0"},{"v":6,"d":"6.0"}]
["Barracão para Cultivo de Cogumelo","Unidade",1,{"v":1,"d":"1.0"},{"v":1,"d":"1.0"},{"v":1,"d":"1.0"},{"v":1,"d":"1.0"}]
["Barracão para Granja/Avicultura","Unidade",41,{"v":1,"d":"1.0"},{"v":2.32,"d":"2.3"},{"v":14,"d":"14.0"},{"v":95,"d":"95.0"}]
["Barracão/Galpão/Garagem","Unidade",191,{"v":1,"d":"1.0"},1.2,{"v":6,"d":"6.0"},{"v":230,"d":"230.0"}]
["Casa de Moradia Habitada","Unidade",319,{"v":1,"d":"1.0"},{"v":1.95,"d":"2.0"},{"v":18,"d":"18.0"},{"v":621,"d":"621.0"}]
["Casa de Moradia Total","Unidade",339,{"v":1,"d":"1.0"},{"v":2.53,"d":"2.5"},{"v":18,"d":"18.0"},{"v":859,"d":"859.0"}]
["Curral/Mangueira","Unidade",185,{"v":1,"d":"1.0"},{"v":1.08,"d":"1.1"},{"v":4,"d":"4.0"},{"v":199,"d":"199.0"}]
["Depósito/Tulha","Unidade",151,{"v":1,"d":"1.0"},{"v":1.19,"d":"1.2"},{"v":5,"d":"5.0"},{"v":179,"d":"179.0"}]
["Engenho","Unidade",6,{"v":1,"d":"1.0"},{"v":1,"d":"1.0"},{"v":1,"d":"1.0"},{"v":6,"d":"6.0"}]
["Estábulo","Unidade",75,{"v":1,"d":"1.0"},{"v":1.15,"d":"1.2"},{"v":5,"d":"5.0"},{"v":86,"d":"86.0"}]
["Estufa/Plasticultura","m²",5,{"v":30,"d":"30.0"},{"v":158,"d":"158.0"},{"v":350,"d":"350.0"},{"v":790,"d":"790.0"}]
["Fábrica de Ração","Unidade",15,{"v":1,"d":"1.0"},{"v":1,"d":"1.0"},{"v":1,"d":"1.0"},{"v":15,"d":"15.0"}]
["Instalações para Equinos","Unidade",23,{"v":1,"d":"1.0"},{"v":1.61,"d":"1.6"},{"v":4,"d":"4.0"},{"v":37,"d":"37.0"}]
["Máquina de Benefício","Unidade",10,{"v":1,"d":"1.0"},1.2,{"v":3,"d":"3.0"},{"v":12,"d":"12.0"}]
["Packing House","Unidade",6,{"v":1,"d":"1.0"},{"v":1,"d":"1.0"},{"v":1,"d":"1.0"},{"v":6,"d":"6.0"}]
["Pocilga","Unidade",125,{"v":1,"d":"1.0"},{"v":1.52,"d":"1.5"},{"v":18,"d":"18.0"},{"v":190,"d":"190.0"}]
["Poço Semi-Artesiano","Unidade",54,{"v":1,"d":"1.0"},{"v":1.07,"d":"1.1"},{"v":2,"d":"2.0"},{"v":58,"d":"58.0"}]
["Posto Meteorológico","Unidade",1,{"v":1,"d":"1.0"},{"v":1,"d":"1.0"},{"v":1,"d":"1.0"},{"v":1,"d":"1.0"}]
["Secador de Grãos","Unidade",3,{"v":1,"d":"1.0"},{"v":1,"d":"1.0"},{"v":1,"d":"1.0"},{"v":3,"d":"3.0"}]
["Silo para Grãos","t",5,{"v":11,"d":"11.0"},{"v":1818.2,"d":"1,818.2"},{"v":5000,"d":"5,000.0"},{"v":9091,"d":"9,091.0"}]
["Silo para Silagem","t",33,{"v":1,"d":"1.0"},{"v":257.42,"d":"257.4"},{"v":2000,"d":"2,000.0"},{"v":8495,"d":"8,495.0"}]
["Terreiro","m²",41,{"v":1,"d":"1.0"},{"v":1422.78,"d":"1,422.8"},{"v":20000,"d":"20,000.0"},{"v":58334,"d":"58,334.0"}]
["Fonte: Secretaria de Agricultura e Abastecimento, CDRS/IEA, Projeto LUPA."]
[]
["TABELA 284.4 - Outras Estatísticas Agrícolas, Município de Jardinópolis, Estado de São Paulo, 2007/08."]
["ITEM","Número de UPAs",null,"Percentual"]
["Faz Parte de Associação de Produtores",150,null,{"v":29.821073558648113,"d":"29.8"}]
["Faz Parte de Cooperativa de Produtores",339,null,{"v":67.39562624254474,"d":"67.4"}]
["Faz Parte do Sindicato de Produtores",346,null,{"v":68.78727634194831,"d":"68.8"}]
["Não utiliza assistência técnica ",26,null,{"v":5.168986083499006,"d":"5.2"}]
["Utiliza somente assistência técnica governamental ",125,null,{"v":24.85089463220676,"d":"24.9"}]
["Utiliza somente assistência técnica privada ",53,null,{"v":10.536779324055667,"d":"10.5"}]
["Utiliza assistência técnica tanto governamental quanto privada",299,null,{"v":59.443339960238575,"d":"59.4"}]
["Utiliza Crédito Rural",170,null,{"v":33.79721669980119,"d":"33.8"}]
["Utiliza Seguro Rural",17,null,{"v":3.3797216699801194,"d":"3.4"}]
["Utiliza Escrituração Agrícola",378,null,{"v":75.14910536779324,"d":"75.1"}]
["Acessa Internet p/ Fins na Agropecuária",182,null,{"v":36.18290258449304,"d":"36.2"}]
["Utiliza Computador nas Atividades Agropecuárias",209,null,{"v":41.5506958250497,"d":"41.6"}]
["Utiliza Energia Elétrica Para Uso na Atividade Agrícola",384,null,{"v":76.34194831013916,"d":"76.3"}]
["Realiza Análise de Solo, quando necessário",322,null,{"v":64.01590457256461,"d":"64.0"}]
["Utiliza Práticas de Conservação de Solo, quando necessário",475,null,{"v":94.43339960238568,"d":"94.4"}]
["Faz Adubação Mineral, quando necessário",420,null,{"v":83.4990059642147,"d":"83.5"}]
["Faz Adubação Orgânica, quando necessário",349,null,{"v":69.38369781312127,"d":"69.4"}]
["Faz Adubação Verde, quando necessário",44,null,{"v":8.747514910536779,"d":"8.7"}]
["Utiliza Manejo Integrado de Pragas (MIP)",1,null,{"v":0.1988071570576541,"d":"0.2"}]
["Utiliza Hidroponia","-",null,"-"]
["Utiliza Plasticultura",3,null,{"v":0.5964214711729623,"d":"0.6"}]
["Utiliza Mudas Fiscalizadas",279,null,{"v":55.46719681908549,"d":"55.5"}]
["Utiliza Semente Melhorada",361,null,{"v":71.76938369781311,"d":"71.8"}]
["Faz Confinamento de Bovinos",13,null,{"v":2.584493041749503,"d":"2.6"}]
["Utiliza Pastejo Intensivo",19,null,{"v":3.7773359840954277,"d":"3.8"}]
["Faz Inseminação Artificial",4,null,{"v":0.7952286282306164,"d":"0.8"}]
["Faz Mineralização do Rebanho",192,null,{"v":38.17097415506958,"d":"38.2"}]
["Faz Vermifugação do Rebanho",194,null,{"v":38.56858846918489,"d":"38.6"}]
["Possui Parceiros /Arrendatários na Exploração Animal",139,null,{"v":27.634194831013914,"d":"27.6"}]
["Esporte e lazer",5,null,{"v":0.9940357852882704,"d":"1.0"}]
["Extração mineral",2,null,{"v":0.3976143141153082,"d":"0.4"}]
["Hotel Fazenda, Pousada ou SPA","-",null,"-"]
["Pesque-pague",3,null,{"v":0.5964214711729623,"d":"0.6"}]
["Restaurante ou Lanchonete",4,null,{"v":0.7952286282306164,"d":"0.8"}]
["Transformação artesanal","-",null,"-"]
["Turismo rural ou ecoturismo",1,null,{"v":0.1988071570576541,"d":"0.2"}]
["Outras atividades econômicas rurais",2,null,{"v":0.3976143141153082,"d":"0.4"}]
["Agroindústria",1,null,{"v":0.1988071570576541,"d":"0.2"}]
["Proprietário sem instrução ou com instrução incompleta",7,null,{"v":1.3916500994035785,"d":"1.4"}]
["Proprietário com antigo primário completo",142,null,{"v":28.230616302186878,"d":"28.2"}]
["Proprietário com 1° grau (ou antigo ginasial) completo",56,null,{"v":11.133200795228626,"d":"11.1"}]
["Proprietário com 2° grau (ou antigo colegial) completo",91,null,{"v":18.09145129224652,"d":"18.1"}]
["Proprietário com curso superior completo ",175,null,{"v":34.79125248508946,"d":"34.8"}]
["Pessoa Jurídica",32,null,{"v":6.361829025844931,"d":"6.4"}]
["Proprietário residente na própria UPA ",80,null,{"v":15.904572564612327,"d":"15.9"}]
["Fonte: Secretaria de Agricultura e Abastecimento, CDRS/IEA, Projeto LUPA."]
[]
["TABELA 284.5 - Área Cultivada, Município de Jardinópolis, Estado de São Paulo, 2007/08."]
["CULTURA","N.DE UPAs","MÍNIMO","MÉDIO","MÁXIMO","TOTAL"]
["Cana-de-acucar",367,0.2,{"v":98.32,"d":"98.3"},{"v":1136.1,"d":"1,136.1"},{"v":36083.2,"d":"36,083.2"}]
["Braquiaria",170,0.1,{"v":15.66,"d":"15.7"},{"v":290,"d":"290.0"},{"v":2661.9,"d":"2,661.9"}]
["Outras gramineas para pastagem",35,0.2,{"v":15.55,"d":"15.6"},{"v":100,"d":"100.0"},544.1]
["Abacate",78,0.1,{"v":5.24,"d":"5.2"},29.1,408.5]
["Soja",13,{"v":1,"d":"1.0"},{"v":27.81,"d":"27.8"},85.5,361.5]
["Amendoim",10,{"v":10,"d":"10.0"},{"v":28.96,"d":"29.0"},{"v":60,"d":"60.0"},289.6]
["Milho",31,0.5,{"v":6.99,"d":"7.0"},33.8,216.8]
["Manga",57,0.1,3.3,{"v":18,"d":"18.0"},188.2]
["Coloniao",4,{"v":1,"d":"1.0"},{"v":38.25,"d":"38.3"},{"v":100,"d":"100.0"},{"v":153,"d":"153.0"}]
["Gramas",20,0.2,3.8,21.9,75.9]
["Milho-silagem",3,{"v":2,"d":"2.0"},{"v":24,"d":"24.0"},{"v":40,"d":"40.0"},{"v":72,"d":"72.0"}]
["Sorgo",3,1.3,20.5,35.4,61.5]
["Pomar domestico",80,0.1,{"v":0.72,"d":"0.7"},2.8,57.5]
["Eucalipto",16,0.3,2.7,{"v":10,"d":"10.0"},43.2]
["Capim-napier (ou capim-elefante)",12,{"v":1,"d":"1.0"},{"v":3.59,"d":"3.6"},{"v":10,"d":"10.0"},43.1]
["Capim-jaragua",1,37.5,37.5,37.5,37.5]
["Cafe",13,0.1,{"v":2.44,"d":"2.4"},{"v":15,"d":"15.0"},31.7]
["Limao",10,0.5,1.9,{"v":5,"d":"5.0"},{"v":19,"d":"19.0"}]
["Outras florestais",2,{"v":2,"d":"2.0"},{"v":8,"d":"8.0"},{"v":14,"d":"14.0"},{"v":16,"d":"16.0"}]
["Laranja",4,0.3,2.4,4.5,9.6]
["Tangerina",3,1.9,{"v":2.57,"d":"2.6"},3.8,7.7]
["Mandioca",11,0.1,{"v":0.67,"d":"0.7"},{"v":3,"d":"3.0"},7.4]
["Milho-doce",1,{"v":7,"d":"7.0"},{"v":7,"d":"7.0"},{"v":7,"d":"7.0"},{"v":7,"d":"7.0"}]
["Outras olericolas",6,0.1,{"v":1,"d":"1.0"},{"v":2,"d":"2.0"},{"v":6,"d":"6.0"}]
["Pessego",4,{"v":1,"d":"1.0"},1.5,{"v":2,"d":"2.0"},{"v":6,"d":"6.0"}]
["Abobora (ou jerimum)",3,0.5,1.8,2.9,5.4]
["Berinjela",4,0.5,{"v":1.25,"d":"1.3"},{"v":2,"d":"2.0"},{"v":5,"d":"5.0"}]
["Uva rustica",1,4.8,4.8,4.8,4.8]
["Coco-da-baia",4,0.2,{"v":1.05,"d":"1.1"},1.8,4.2]
["Jilo",2,1.5,{"v":1.75,"d":"1.8"},{"v":2,"d":"2.0"},3.5]
["Jabuticaba",3,0.5,{"v":0.67,"d":"0.7"},{"v":1,"d":"1.0"},{"v":2,"d":"2.0"}]
["Pimentao",2,0.5,{"v":1,"d":"1.0"},1.5,{"v":2,"d":"2.0"}]
["Banana",4,0.2,0.4,0.8,1.6]
["Maracuja",1,{"v":1,"d":"1.0"},{"v":1,"d":"1.0"},{"v":1,"d":"1.0"},{"v":1,"d":"1.0"}]
["Goiaba",1,{"v":1,"d":"1.0"},{"v":1,"d":"1.0"},{"v":1,"d":"1.0"},{"v":1,"d":"1.0"}]
["Caqui",1,{"v":1,"d":"1.0"},{"v":1,"d":"1.0"},{"v":1,"d":"1.0"},{"v":1,"d":"1.0"}]
["Ervas medicinais e aromaticas",1,{"v":1,"d":"1.0"},{"v":1,"d":"1.0"},{"v":1,"d":"1.0"},{"v":1,"d":"1.0"}]
["Alface",3,0.1,{"v":0.23,"d":"0.2"},0.5,0.7]
["Fonte: Secretaria de Agricultura e Abastecimento, CDRS/IEA, Projeto LUPA."]